| 000 | 00849nam a22001815i 4500 | ||
|---|---|---|---|
| 001 | 164509 | ||
| 003 | ES-MaACL | ||
| 005 | 20230906212942.0 | ||
| 008 | 940615s1866 sp |||| | spa d | ||
| 100 | 1 |
_aSartorius, Luis José _cConde de San Luis. _9219521 |
|
| 245 | 1 | 0 |
_aDiscurso pronunciado por el conde de San Luis en el Congreso de los Diputados el 9 de junio de 1866 contra el proyecto de las siete autorizaciones : _bcon los comentarios de la prensa política de Madrid. |
| 260 |
_aMadrid : _b[s.n.], _c1866 ( _fImp. de Manuel Tello.) |
||
| 300 |
_a66 p. ; _c22 cm. |
||
| 710 | 1 |
_aEspaña. _bCortes Generales. _bCongreso. _93671 |
|
| 852 | 4 |
_aES-MaACL _jT-70-F-9 _z- Enc. hol. _z- Enc. en un vol. facticio |
|
| 852 | 4 |
_aES-MaACL _jT-85-F-17 _z- Enc. hol., falto de cub. original _z- Enc. en un vol. facticio |
|
| 999 |
_c164509 _d164509 |
||